50 cantantes pop masculinos por país - Statistics

General Stats
  • This quiz has been taken 10 times
  • The average score is 27 of 50
Answer Stats
Picture Hint Answer % Correct
Sebastián Yatra Colombia
88%
Alejandro Sanz España
88%
Luis Miguel México
88%
Diego Torres Argentina
75%
Michael Jackson Estados Unidos
75%
Serge Gainsbourg Francia
75%
Jacky Cheung Hong Kong / China
75%
Eros Ramazzotti Italia
75%
Fujiii Kaze Japón
75%
Ragheb Alama Marruecos
75%
Ricky Martin (TERRITORIO NO INCORPORADO DE EEUU) Puerto Rico
75%
George Michael Reino Unido
75%
Mark Forster Alemania
63%
Stromae Bélgica
63%
Justin Bieber Canadá
63%
Petar Grašo Croacia
63%
Armaan Malik India
63%
Niall Horan Irlanda
63%
Andrzej Piaseczny Polonia
63%
Dima Bilán Rusia
63%
Wellboy Ucrania
63%
Lasso Venezuela
63%
Falco Austria
50%
Alex Anwandter Chile
50%
Jungkook Corea del Sur
50%
Christopher Dinamarca
50%
Amr Diab Egipto
50%
Sákis Rouvás Grecia
50%
Ricardo Arjona Guatemala
50%
Mergui Israel
50%
Chris Holsten Noruega
50%
Kurt Darren Sudáfrica
50%
Eric Saade Suecia
50%
DJ BoBo Suiza
50%
Tarkan Turquía
50%
Guy Sebastian Australia
38%
Theo Evan Chipre
38%
Zack Tabudlo Filipinas
38%
Robin Packalen Finlandia
38%
Afgan Indonesia
38%
Dimash Kazajistán
38%
Shamoon Ismail Pakistán
38%
Bird Thongchai Tailandia
38%
Sơn Tùng M-TP Vietnam
38%
Flori Mumajesi Albania
25%
Michael Wong Malasia
25%
Duncan Laurence Países Bajos
25%
Mohammed Assaf (PAÍS PARCIALMENTE RECONOCIDO) Palestina
25%
Jay Chou Taiwán
25%
JJ Lin Singapur
13%
No matching quizzes found
Score Distribution
Percent of People with Each Score
Percentile by Number Answered
Your Score History
You have not taken this quiz